Historia de la educación en Chile. (1810-2010).
Gardado en:
| Autor Principal: | |
|---|---|
| Outros autores: | , , , |
| Formato: | Libro |
| Idioma: | Lingua castelá |
| Publicado: |
Santiago, Chile:
Taurus:
2012
|
| Edición: | Primera edición. |
| Subjects: | |
| Tags: |
Engadir etiqueta
Sen Etiquetas, Sexa o primeiro en etiquetar este rexistro!
|
MARC
| LEADER | 00000cam a2200000 a 4500 | ||
|---|---|---|---|
| 001 | UCE2848 | ||
| 003 | CL-VaPUC | ||
| 005 | 20220822114407.0 | ||
| 008 | 140731e20120000cl |||||||||||||||||spa|d | ||
| 999 | |c 356388 |d 356386 | ||
| 020 | |a 978-956-347-370-4 (o.c) | ||
| 020 | |a 978-956-347-371-1 (t.I) | ||
| 020 | |a 978-956-347-447-3 (t.II) | ||
| 040 | |c Pontificia Universidad Católica de Valparaíso | ||
| 082 | 0 | |a 370.983 SER 2012 |2 21 | |
| 100 | 0 | |a Serrano, Sol |e autor |9 575396 | |
| 245 | 1 | 0 | |a Historia de la educación en Chile. |b (1810-2010). |
| 250 | |a Primera edición. | ||
| 260 | |a Santiago, Chile: |b Taurus: |c 2012 | ||
| 300 | |a 3 tomos. | ||
| 500 | |a c.3 Tomo I: Donación VRA-N.Vásquez L. c.5 Tomo II: Donación VRA-N.Vásquez L. c.5 Tomo I: Donación Familia Prof. Alejandro Guzmán Brito. | ||
| 505 | |a t. I: Aprender a leer y escribir (1810-1880). t. II: La educación nacional (1880-1930). t. III: Democracia, exclusión y crisis (1930-1964). | ||
| 583 | |a last modification |c 20140731 15:45:00 |k Rodrigo Vera | ||
| 650 | 0 | |a Historia de la educación |z Chile |9 257642 | |
| 700 | 0 | |a Ponce de León, Macarena |e autor |9 575397 | |
| 700 | 0 | |a Rengifo y Becerril, Francisca |e autor |9 575398 | |
| 700 | |a Mayorga Camus, Rodrigo |e autor |9 570756 | ||
| 700 | 0 | |a Silva, Josefina |e autor |9 575400 | |
| 852 | |a BIBCUR | ||
| 942 | |c BK |2 ddc |n 0 | ||
| 945 | |d 20140731 15:45:00 |a dcastane | ||
| 952 | |0 0 |1 0 |2 ddc |3 erb |4 0 |6 370_983000000000000_SER_2012 |7 0 |8 A |9 463677 |a BIBHIS |b BIBHIS |h t.1 |i 5079829 |l 6 |m 5 |o 370.983 SER 2012 |p 5079829 |r 2024-05-31 |s 2023-09-25 |t 1 |w 2019-11-23 |y BK |z Catalogado en:20140731 |k HIS | ||
| 952 | |0 0 |1 0 |2 ddc |3 erb |4 0 |6 370_983000000000000_SER_2012 |7 0 |8 A |9 463678 |a BIBHIS |b BIBHIS |h t.2 |i 5079837 |l 4 |m 1 |o 370.983 SER 2012 |p 5079837 |r 2025-01-20 |s 2024-06-28 |t 1 |w 2019-11-23 |y BK |z Catalogado en:20140731 |k HIS | ||
| 952 | |0 0 |1 0 |2 ddc |3 erb |4 0 |6 370_983000000000000_SER_2012 |7 0 |8 A |9 463679 |a BIBHIS |b BIBHIS |h t.1 |i 5128617 |l 6 |o 370.983 SER 2012 |p 5128617 |r 2025-01-20 |s 2023-12-07 |t 2 |w 2019-11-23 |y BK |z Catalogado en:20141204 |k HIS | ||
| 952 | |0 0 |1 0 |2 ddc |3 erb |4 0 |6 370_983000000000000_SER_2012 |7 0 |8 A |9 463680 |a BIBHIS |b BIBHIS |h t.2 |i 5128625 |l 1 |o 370.983 SER 2012 |p 5128625 |r 2025-01-20 |s 2022-09-05 |t 2 |w 2019-11-23 |y BK |z Catalogado en:20141204 |k HIS | ||
| 952 | |0 0 |1 0 |2 ddc |3 erb |4 0 |6 370_983000000000000_SER_2012 |7 0 |8 R |9 463681 |a BIBEDU |b BIBEDU |c MCIRC |h t.1 |i 512901K |l 1 |o 370.983 SER 2012 |p 512901K |r 2023-06-19 |s 2023-06-19 |t 3 |w 2019-11-23 |y BK_R |z Catalogado en:20141211 |k EDU | ||
| 952 | |0 0 |1 0 |2 ddc |3 erb |4 0 |6 370_983000000000000_SER_2012 |7 0 |8 R |9 463682 |a BIBEDU |b BIBEDU |c MCIRC |h t.2 |i 5129001 |o 370.983 SER 2012 |p 5129001 |r 2023-01-13 |t 4 |w 2019-11-23 |y BK_R |z Catalogado en:20141211 |k EDU | ||
| 952 | |0 0 |1 0 |2 ddc |3 erb |4 0 |6 370_983000000000000_SER_2012 |7 0 |8 A |9 463683 |a BIBHIS |b BIBHIS |h t.2 |i 5144310 |l 8 |o 370.983 SER 2012 |p 5144310 |r 2025-01-20 |s 2023-09-25 |t 3 |w 2019-11-23 |y BK |z Catalogado en:20150402 |k HIS | ||
| 952 | |0 0 |1 0 |2 ddc |3 erb |4 0 |6 370_983000000000000_SER_2012 |7 0 |8 A |9 463684 |a BIBHIS |b BIBHIS |h t.3 |i 5504716 |l 3 |o 370.983 SER 2012 |p 5504716 |r 2025-01-20 |s 2023-04-19 |t 2 |w 2019-11-23 |y BK |z Catalogado en:20181005 |k HIS | ||
| 952 | |0 0 |1 0 |2 ddc |4 0 |6 370_983000000000000_SER_2012 |7 0 |8 A |9 494878 |a BIBHIS |b BIBHIS |d 2019-12-02 |e 80 |g 18000.00 |h t.3 |i 5566800 |l 6 |o 370.983 SER 2012 |p 5566800 |r 2025-01-20 |s 2023-04-27 |t 1 |v 18000.00 |w 2019-12-02 |y BK |k HIS | ||
| 952 | |0 0 |1 0 |2 ddc |4 0 |6 370_983000000000000_SER_2012 |7 0 |8 A |9 577790 |a BIBHIS |b BIBHIS |d 2021-05-18 |h t.1 |i 5621046 |l 1 |o 370.983 SER 2012 |p 5621046 |r 2025-01-20 |s 2023-04-25 |t 3 |w 2021-05-18 |y BK |k HIS | ||
| 952 | |0 0 |1 0 |2 ddc |3 erb |4 0 |6 370_983000000000000_SER_2012 |7 0 |8 A |9 577829 |a BIBHIS |b BIBHIS |d 2021-05-20 |h t.2 |i 5621488 |l 1 |o 370.983 SER 2012 |p 5621488 |r 2025-01-20 |s 2022-11-29 |t 5 |w 2019-11-23 |y BK |k HIS | ||
| 952 | |0 0 |1 0 |2 ddc |4 0 |6 370_983000000000000_SER_2012 |7 1 |8 C_AGB |9 579694 |a BIBDER |b BIBDER |d 2021-12-20 |e Donación |h t.I |i 5630118 |o 370.983 SER 2012 |p 5630118 |r 2023-01-25 |t 5 |w 2021-12-20 |y BK_US |k AGB | ||